000 00751nam a22002537a 4500
001 BR7705494
003 BR-BrBNA
005 20230928085445.0
007 ta
008 230509b bl.||||| |||| 00| 0 por d
040 _aBR-BrBNA
_bpor
_cBiblioteca Nacional de Agricultura
041 _a(Por)
072 _aE15
_b/G514
090 _ E15 BR7705494
110 1 _aFundacao Educacional Padre Landell de Moura, Porto Alegre, RS (Brasil)
_94881
245 1 _aManual de Cooperativismo [Rio Grande do Sul, Brasil]
_bTelepromocao rural
260 3 _aPorto Alegre, RS (Brasil):
_c1977.
300 _a94 p.
650 _aCOOPERATIVA
650 _aASSOCIACAO RURAL
650 _aRIO GRANDE DO SUL
909 _a202309
_bLucia
_c55
_dLucia Elande
942 _cBK
999 _c24528
_d24528